odmiana czasownika potere, dovere, andare - Statystyki

Ogólne statystyki
  • Ten quiz został rozwiązany 69 razy
  • Średni wynik to 18 z 21
Statystyki odpowiedzi
% Poprawnych
voi andate
89%
noi andiamo
89%
Io devo
89%
Io posso
89%
tu puoi
89%
lui, lei va
89%
Io vado
89%
tu vai
89%
lui,lei deve
84%
tu devi
84%
voi dovete
84%
noi possiamo
84%
voi potete
84%
lui, lei può
84%
loro vanno
84%
loro devono
79%
noi dobbiamo
79%
tłumaczenie: móc
79%
tłumaczenie musieć
79%
loro possono
79%
tłumaczenie: pójść, przechodzić, jechać
63%
Nie znaleziono quizów pasujących do podanych kryteriów
Rozkład punktacji
Procent ludzi z każdym wynikiem
Percentyl według liczby udzielonych odpowiedzi
Twoja historia wyników
Nie rozwiązałeś tego quizu